00689nam a2200265Ia 450000500170000000800460001702000180006303700100008104000080009104000080009904000080010704100080011504100080012308400080013110000120013924500380015125000110018926000310020026000090023165000160024085600450025694200100030199900210031195200910033220260306153424.0008 260114s9999 xx 000 0 eng d a9781139028554 aEBOOK aCRL beng cCRL 2eng aeng qCRL aWilkins 0aGrammar of the Sanskrit Language  a1st ed bCambridge University Press c2011 aLinguistics uhttps://doi.org/10.1017/CBO9781139028554 cEBOOK c1703416d1703416 00104070aCRLbCRLd2026-03-06l0pCL1983424r2026-03-06 15:34:24w2026-03-06yEBOOK